| 000 | 01071nam a22003137a 4500 | ||
|---|---|---|---|
| 001 | 7756 | ||
| 003 | FISKH | ||
| 005 | 20250827092710.0 | ||
| 008 | 250805b cb ||||| |||| 00| 0 eng d | ||
| 020 | _a9780545029469 | ||
| 040 |
_aFISKH _beng _cFISKH _dFISKH |
||
| 050 | _aE111 .C33 | ||
| 082 | _a970.015 | ||
| 100 | _aCarpenter, Eric | ||
| 245 |
_aYoung Christopher Columbus : _bdiscover of new worlds / _cby Eric Carpenter : illustrated by John Himmelman |
||
| 250 | _aFirst Scholastic printing, September 2007 | ||
| 260 |
_aNew York : _bScholastic , _c1992. |
||
| 300 |
_a32 pages : _bcolor illustrations ; _c23 cm . |
||
| 490 | _aFirst-Start Biographies | ||
| 505 | _aJ | ||
| 520 | _aAn easy-to-read biography of the famous explorer who became one of the first people to sail to America. | ||
| 521 | 8 |
_a500
_bLexile estimate |
|
| 521 | 8 |
_aJ
_bRaz-Plus |
|
| 650 |
_aBiography → Explorers _vNon-fiction |
||
| 650 |
_aChildren's History _vNon-fiction |
||
| 700 |
_aHimmelman, John _eIllustrator |
||
| 942 |
_2ddc _cBK _n0 |
||
| 999 |
_c7756 _d7756 |
||